|
|
|
|
| LEADER |
01082nam a22003011 4500 |
| 001 |
34494 |
| 003 |
BD-DhAAL |
| 005 |
20211207130359.0 |
| 008 |
190404t1961 caua 001 0 eng |
| 999 |
|
|
|c 40627
|d 40627
|
| 010 |
|
|
|a 61010926
|
| 020 |
|
|
|a 9780804700849
|
| 035 |
|
|
|a (OCoLC)167700
|
| 040 |
|
|
|a DLC
|c ODaWU
|d OCoLC
|d OYU
|d NBuU
|d DLC
|d BD-DhAAL
|
| 042 |
|
|
|a premarc
|
| 050 |
0 |
0 |
|a HB171
|b .A3 1961
|
| 082 |
|
|
|a 330.1
|
| 100 |
1 |
|
|a Adelman, Irma.
|9 31088
|
| 245 |
1 |
0 |
|a Theories of economic growth and development /
|c Irma Adelman
|
| 260 |
|
|
|a Stanford, Calif. :
|b Stanford University Press,
|c c1961.
|
| 300 |
|
|
|a viii, 164 pages :
|b illustrations ;
|c 21 cm.
|
| 526 |
|
|
|a ESS
|
| 541 |
|
|
|a Development Book Agency
|d 34494
|
| 650 |
|
0 |
|a Economic development.
|9 31089
|
| 650 |
|
0 |
|a Economics.
|9 43527
|
| 852 |
|
|
|a Ayesha Abed Library
|c General Stacks
|
| 942 |
|
|
|2 ddc
|c BK
|
| 952 |
|
|
|0 0
|1 0
|2 ddc
|4 0
|6 330_100000000000000_ADE
|7 0
|9 65355
|a BRACUL
|b BRACUL
|c GEN
|d 2019-04-03
|e Development Book Agency
|g 5600.00
|l 2
|m 19
|o 330.1 ADE
|p 3010034494
|r 2024-06-10
|s 2024-01-24
|t 1
|v 5600.00
|w 2019-04-03
|y BK
|